ბათუმის შოთა რუსთაველის სახელმწიფო უნივერსიტეტის ბიბლიოთეკა

მთავარი / (ბიბ.ჩანაწერი № 60092)

000 -ლიდერი
ფიქსირებული სიგრძის საკონტროლო ველი 01170nam a22001937a 4500
003 - საკონტროლო ნომრის იდენტიფიკატორი
საკონტროლო ველი Ge_BSU
005 - ბოლო ოპერაციის თარიღი და დრო
საკონტროლო ველი 20230607170102.0
008 - ფიქსირებული სიგრძის მონაცემთა ელემენტები - ზოგადი ინფორმაცია
ფიქსირებული სიგრძის საკონტროლო ველი 230607s1984 ge ||||| |||| 00| 0 geo d
041 ## - ენის კოდი
Language code of text/sound track or separate title geo
080 ## - უნივერსალური ათობითი კლასიფიკაციის ინდექსი
Universal Decimal Classification number 342.5+32.001 მ-18
100 ## - მთავარი ჩანაწერი - პიროვნების სახელი
Personal name მაკიაველი, ნიკოლო
9 (RLIN) 3534
245 ## - ცნობა სათაურის შესახებ
Title მთავარი /
Statement of responsibility, etc ნიკოლო მაკიაველი; იტალიურიდან თარგმნა, წინასიტყვაობა და კომენტარები დაურთო გ. ბრეგვაძემ; საქ. მწერალთა კავშირთან არსებული მხატვ. თარგმ. და ლიტ. ურთიერთობათა მთ. სარედ. კოლეგია.
264 ## - წარმოების, გამოცემის, დისტრიბუციის და სხვა ცნობები
გამოცემის, წარმოების, დისტრიბუციის... ადგილი თბილისი :
გამოცემის, წარმოების, დისტრიბუციის... სახელწოდება საბჭოთა საქართველო,
გამოცემის, წარმოების, დისტრიბუციის... თარიღი 1984.
300 ## - ფიზიკური აღწერა
Extent 270 გვ. ;
Other physical details 17 სმ.
653 ## - INDEX TERM--UNCONTROLLED
Uncontrolled term სახელმწიფო
653 ## - INDEX TERM--UNCONTROLLED
Uncontrolled term სახელმწიფო მმართველობა.
653 ## - INDEX TERM--UNCONTROLLED
Uncontrolled term სახელმწიფო ხელისუფლება.
942 ## - ADDED ENTRY ELEMENTS (KOHA)
Source of classification or shelving scheme
Koha item type წიგნი
ეგზემპლარები
ჩამოწერის სტატუსი დაკარგული ეგზემპლარის სტატუსი კლასიფიკაციის წყარო ან თაროზე გაწყობის სქემა დაზიანების სტატუსი არ გაიცემა მუდმივი მდებარეობა (დაცვის ადგილი) ამჟამინდელი ადგილსამყოფელი თაროზე განთავსების ადგილი შეძენის თარიღი ღირებულება, შესყიდვის ნორმალური ფასი სრული შენახვის შიფრი შტრიხკოდი ბოლო ოპერაციის თარიღი ეგზემპლარის მიმდევრობითი ნომერი (კეტერი?) Uniform Resource Identifier ფასის ძალაში შესვლის თარიღი ეგზემპლარის სახეობა საჯარო შენიშვნა
          ბათუმის შოთა რუსთაველის სახელმწიფო უნივერსიტეტის მთავარი ბიბლიოთეკა ბათუმის შოთა რუსთაველის სახელმწიფო უნივერსიტეტის მთავარი ბიბლიოთეკა წიგნსაცავი 2023-06-07 4.00 321+342.5+32.001 მ-18 64553 2023-06-07 64553 ბსუ-ს საპატიო დოქტორის გურამ ლორთქიფანიძის საჩუქარი 2023-06-07 წიგნი 4 ლ.